Mazzini. (Record no. 3938)
[ view plain ]
| 000 -LEADER | |
|---|---|
| fixed length control field | 00724cam a22002291 4500 |
| 001 - CONTROL NUMBER | |
| control field | af 48000152 |
| 003 - CONTROL NUMBER IDENTIFIER | |
| control field | DLC |
| 005 - DATE AND TIME OF LATEST TRANSACTION | |
| control field | 20260227110842.0 |
| 008 - FIXED-LENGTH DATA ELEMENTS--GENERAL INFORMATION | |
| fixed length control field | 780203s1946 it ac b 000 0bita c |
| 010 ## - LIBRARY OF CONGRESS CONTROL NUMBER | |
| LC control number | af 48000152 |
| 035 ## - SYSTEM CONTROL NUMBER | |
| System control number | (OCoLC)3600467 |
| 040 ## - CATALOGING SOURCE | |
| Original cataloging agency | New York. Public Libr. |
| Transcribing agency | ViU |
| Modifying agency | DLC |
| 050 00 - LIBRARY OF CONGRESS CALL NUMBER | |
| Classification number | DG552.8.M3 |
| Item number | C57 |
| 100 1# - MAIN ENTRY--PERSONAL NAME | |
| Personal name | Codignola, Arturo, |
| Dates associated with a name | 1893- |
| 245 00 - TITLE STATEMENT | |
| Title | Mazzini. |
| Remainder of title | Con sei tavole fuori testo. |
| 260 ## - PUBLICATION, DISTRIBUTION, ETC. | |
| Place of publication, distribution, etc. | [Torino] |
| Name of publisher, distributor, etc. | Unione tipografico-editrice torinese, |
| Date of publication, distribution, etc. | 1946. |
| 300 ## - PHYSICAL DESCRIPTION | |
| Extent | 387 p. |
| Other physical details | illus., ports. |
| Dimensions | 22 cm. |
| 490 1# - SERIES STATEMENT | |
| Series statement | I grandi italiani, collana di biografie, |
| Volume/sequential designation | v. 20 |
| 504 ## - BIBLIOGRAPHY, ETC. NOTE | |
| Bibliography, etc. note | "Bibliografia": p. 385. |
| 600 10 - SUBJECT ADDED ENTRY--PERSONAL NAME | |
| Personal name | Mazzini, Giuseppe, |
| Dates associated with a name | 1805-1872. |
| 830 #0 - SERIES ADDED ENTRY--UNIFORM TITLE | |
| Uniform title | Grandi italiani ; |
| Volume/sequential designation | v. 20. |
No items available.